000 00221nam a22000857a 4500
008 170623b xxu||||| |||| 00| 0 eng d
100 _93644
_aTrent Setters & Book
245 _aEnglish Destination - I
260 _aNew Delhi
_c2009
999 _c7039
_d7039